[Event "90416 9th Rakosmente Open"]
[Site "Budapest, Hungary"]
[Date "2014.01.25"]
[Round "3.4"]
[White "Csiki, Endre"]
[Black "Safar, Istvan"]
[Result "0-1"]
[WhiteElo "1418"]
[BlackElo "1713"]
[PlyCount "150"]
[EventDate "2014.??.??"]

1. Nf3 Nf6 2. g3 g6 3. b3 Bg7 4. Bb2 O-O 5. Bg2 c6 6. O-O d5 7. d4 Re8 8. c4
Bg4 9. Nc3 Bxf3 10. Bxf3 e6 11. Re1 Nbd7 12. Qd2 Nb6 13. cxd5 exd5 14. Rad1 Ne4
15. Qc2 Nxc3 16. Bxc3 f5 17. Qd2 Nd7 18. Bb2 Nf6 19. Qf4 Qe7 20. Qc1 Qd7 21.
Ba3 Re6 22. Qc3 Rae8 23. Bc1 Qf7 24. Bf4 Ne4 25. Be3 h5 26. Qc1 Kh7 27. Qc2 Qe7
28. Qc1 Bf6 29. Qc2 Rf8 30. Qc1 g5 31. Bxe4 Rxe4 32. Qc5 Qxc5 33. dxc5 Rfe8 34.
Kf1 Kg6 35. Bd2 h4 36. f3 R4e7 37. e3 hxg3 38. hxg3 Rh8 39. Kg2 Rhe8 40. Kf1
Re6 41. Kg2 d4 42. Kf2 dxe3+ 43. Bxe3 R8e7 44. Rc1 Bb2 45. Rb1 Bc3 46. f4 Bxe1+
47. Rxe1 g4 48. Re2 Re4 49. Re1 Kf7 50. Re2 Ke8 51. Re1 Kd8 52. Rd1+ Kc7 53.
Re1 b6 54. cxb6+ axb6 55. Re2 c5 56. Re1 Kc6 57. Rd1 Rxe3 58. Rd2 b5 59. Rc2
R7e4 60. Rd2 c4 61. Rc2 Kc5 62. Rb2 Re2+ 63. Rxe2 Rxe2+ 64. Kxe2 cxb3 65. Kd3
b2 66. Kc2 Kd4 67. Kxb2 Ke3 68. Kb3 Kf3 69. Kb4 Kxg3 70. Kxb5 Kxf4 71. a4 g3
72. a5 g2 73. a6 g1=Q 74. Kc6 Qa7 75. Kb5 Ke3 0-1

[Event "90416 9th Rakosmente Open"]
[Site "Budapest, Hungary"]
[Date "2014.01.25"]
[Round "3.5"]
[White "Gorog, Almos"]
[Black "Demeter, Dorina"]
[Result "1-0"]
[WhiteElo "1566"]
[BlackElo "1377"]
[PlyCount "119"]
[EventDate "2014.??.??"]

1. c4 c5 2. Nf3 e6 3. g3 Nc6 4. Nc3 Nf6 5. d4 d5 6. cxd5 exd5 7. Bg2 Be7 8. O-O
O-O 9. a3 Bg4 10. dxc5 Bxc5 11. b4 Be7 12. h3 Bh5 13. g4 Bg6 14. Nh4 d4 15.
Nxg6 hxg6 16. Ne4 Qc7 17. Bb2 Rad8 18. Qb3 Nxe4 19. Bxe4 Kh7 20. f4 Bd6 21. e3
dxe3 22. Qc3 f6 23. Qxe3 a5 24. Qg3 Qb6+ 25. Kg2 Kg8 26. Bd5+ Rf7 27. Qb3 Rdf8
28. Bxf7+ Rxf7 29. b5 Ne7 30. a4 Kf8 31. Qe6 g5 32. Ba3 Bc7 33. Qxb6 Bxb6 34.
fxg5 fxg5 35. Rxf7+ Kxf7 36. Rf1+ Ke8 37. Re1 Bd8 38. Kf3 Kf7 39. Rd1 Bb6 40.
Rd7 Ke8 41. Rxe7+ Kd8 42. Rxb7 Bc7 43. b6 Bf4 44. Ra7 Kc8 45. Rxa5 Kb7 46. Bc5
Kc6 47. Be3 Bb8 48. Rxg5 Kb7 49. Rxg7+ Ka6 50. Ra7+ Bxa7 51. bxa7 Kb7 52. h4
Ka8 53. h5 Kb7 54. h6 Ka8 55. h7 Kb7 56. h8=Q Kc6 57. a8=B+ Kd6 58. Qd8+ Ke6
59. Qd5+ Kf6 60. Bg5+ 1-0

[Event "90416 9th Rakosmente Open"]
[Site "Budapest, Hungary"]
[Date "2014.01.25"]
[Round "3.7"]
[White "Juhasz, Bela"]
[Black "Kaloczi, Kristof"]
[Result "1/2-1/2"]
[WhiteElo "2115"]
[BlackElo "1624"]
[PlyCount "80"]
[EventDate "2014.??.??"]

1. d4 Nf6 2. Nf3 g6 3. c4 Bg7 4. g3 O-O 5. Bg2 c6 6. O-O d5 7. Qb3 Qb6 8. Nc3
Rd8 9. Qxb6 axb6 10. cxd5 Nxd5 11. Nxd5 Rxd5 12. e3 Na6 13. Bd2 Rd8 14. h3 Be6
15. Rfc1 Nc7 16. a3 Bd5 17. Bb4 e6 18. Re1 Bxf3 19. Bxf3 Nd5 20. Bc3 Ra4 21.
Rac1 Nxc3 22. Rxc3 e5 23. dxe5 Bxe5 24. Rb3 b5 25. Rd1 Rxd1+ 26. Bxd1 Rc4 27.
Kg2 Rc1 28. Bf3 Rc2 29. a4 Rxb2 30. Rxb2 Bxb2 31. axb5 cxb5 32. Bxb7 Kg7 33. f4
b4 34. Bd5 f6 35. g4 g5 36. Kf3 h6 37. Ke4 Bc1 38. Bb3 Bd2 39. f5 Bc3 40. Kd5
Be5 1/2-1/2

[Event "90416 9th Rakosmente Open"]
[Site "Budapest, Hungary"]
[Date "2014.01.25"]
[Round "3.8"]
[White "Szoukup, Istvan"]
[Black "Orosz, Andras"]
[Result "0-1"]
[WhiteElo "1835"]
[BlackElo "2171"]
[PlyCount "70"]
[EventDate "2014.??.??"]

1. d4 g6 2. c4 Nf6 3. Nc3 d5 4. cxd5 Nxd5 5. e4 Nxc3 6. bxc3 Bg7 7. Nf3 c5 8.
Rb1 b6 9. Be2 Bb7 10. dxc5 Qxd1+ 11. Bxd1 Bxe4 12. cxb6 axb6 13. Rxb6 Bxc3+ 14.
Bd2 Bxd2+ 15. Kxd2 Rxa2+ 16. Ke3 Nd7 17. Rb4 Bxf3 18. Bxf3 Ra3+ 19. Ke2 O-O 20.
Rd1 Ne5 21. Bd5 e6 22. Bb3 Ra7 23. f4 Ng4 24. h3 Nf6 25. g4 Kg7 26. f5 exf5 27.
gxf5 Re8+ 28. Kf3 Ra5 29. fxg6 hxg6 30. Rb7 Rf5+ 31. Kg2 Re2+ 32. Kg1 Nh5 33.
Rdd7 Re1+ 34. Kg2 Ref1 35. Bc4 R5f2# 0-1

[Event "90416 9th Rakosmente Open"]
[Site "Budapest, Hungary"]
[Date "2014.01.25"]
[Round "3.9"]
[White "Polyik, Peter"]
[Black "Makrai, Bence"]
[Result "1-0"]
[WhiteElo "1937"]
[BlackElo "1486"]
[PlyCount "83"]
[EventDate "2014.??.??"]

1. d4 e6 2. c4 Nf6 3. Nf3 Bb4+ 4. Bd2 c5 5. Bxb4 cxb4 6. Qd3 b6 7. e4 Bb7 8.
Nbd2 O-O 9. Be2 Na6 10. O-O Nc7 11. h4 Nh5 12. g3 g6 13. Qe3 f6 14. a3 Qe7 15.
Ne1 Ng7 16. axb4 Qxb4 17. Nd3 Qe7 18. b4 d5 19. exd5 Nf5 20. Qe4 exd5 21. Qxe7
Nxe7 22. c5 Nf5 23. Nb3 Nb5 24. Bf3 Nfxd4 25. Nxd4 Nxd4 26. Bg2 Rfe8 27. Kh2
Kg7 28. Nf4 Nb3 29. Ra3 Nd2 30. Rd1 Ne4 31. Nxd5 Bxd5 32. Rxd5 bxc5 33. bxc5 f5
34. Rd7+ Kg8 35. c6 a5 36. c7 Ra7 37. Bxe4 fxe4 38. Ra4 Raa8 39. Rad4 Kf8 40.
Rd8 a4 41. Rxa8 Rxa8 42. Rd8+ 1-0

[Event "90416 9th Rakosmente Open"]
[Site "Budapest, Hungary"]
[Date "2014.01.25"]
[Round "3.10"]
[White "Sulcz, Istvan"]
[Black "Toth, Nikoletta"]
[Result "1-0"]
[WhiteElo "1906"]
[BlackElo "1089"]
[PlyCount "113"]
[EventDate "2014.??.??"]

1. Nf3 Nc6 2. e4 e5 3. Bb5 a6 4. Bxc6 dxc6 5. O-O Bg4 6. h3 h5 7. d3 Bc5 8.
Nbd2 Qf6 9. Nc4 Bxf3 10. Qxf3 Qxf3 11. gxf3 Bd6 12. Be3 b5 13. Nd2 c5 14. a4
Rb8 15. axb5 axb5 16. b3 Ne7 17. Rfe1 f5 18. exf5 Nxf5 19. Bxc5 Nh4 20. Bxd6
cxd6 21. f4 Ng6 22. fxe5 dxe5 23. Ra6 Kf7 24. Ne4 Nh4 25. Ng5+ Kg8 26. Rxe5 Rf8
27. Rxb5 Nf5 28. Ne6 Rf6 29. Rb8+ Kf7 30. Ng5+ Kg6 31. Rxf6+ gxf6 32. Rxh8 Kxg5
33. b4 Nd4 34. c4 Ne6 35. b5 Nc5 36. Rc8 Nd7 37. d4 Kf5 38. c5 Ke6 39. d5+ Kxd5
40. Rd8 Ke6 41. Rxd7 Kxd7 42. b6 Kc6 43. Kg2 f5 44. Kg3 Kb7 45. Kf4 Kc6 46.
Kxf5 Kb7 47. h4 Kc6 48. Ke6 Kb7 49. Kd7 Kb8 50. c6 Ka8 51. b7+ Kb8 52. c7+ Kxb7
53. c8=Q+ Kb6 54. Qc6+ Ka7 55. Qb5 Ka8 56. Kc7 Ka7 57. Qb7# 1-0

[Event "90416 9th Rakosmente Open"]
[Site "Budapest, Hungary"]
[Date "2014.01.15"]
[Round "3.11"]
[White "Czumbel, Peter"]
[Black "Toth-Katona, Tamas"]
[Result "1/2-1/2"]
[WhiteElo "1612"]
[BlackElo "1897"]
[PlyCount "77"]
[EventDate "2014.??.??"]

1. Nf3 Nf6 2. g3 d5 3. Bg2 Bf5 4. d3 h6 5. Nbd2 e6 6. O-O Bd6 7. Qe1 Bh7 8. e4
Be7 9. b3 O-O 10. Qe2 c5 11. c4 d4 12. Ne1 e5 13. f4 Nfd7 14. f5 Nc6 15. h3 g5
16. Kh2 f6 17. Rg1 Kg7 18. Bf3 Bg8 19. Bh5 Bf7 20. Bxf7 Rxf7 21. Qh5 Qh8 22. h4
Rg8 23. Qf3 Kf8 24. h5 g4 25. Qe2 Rg5 26. Kg2 Rxh5 27. Qxg4 Rg5 28. Qf3 h5 29.
Nf1 Rg8 30. Rh1 h4 31. g4 Rfg7 32. Nh2 h3+ 33. Qxh3 Qxh3+ 34. Kxh3 Rh7+ 35. Kg3
Rgh8 36. Nef3 Nb4 37. Rd1 a5 38. a3 Nc6 39. Bd2 1/2-1/2

[Event "90416 9th Rakosmente Open"]
[Site "Budapest, Hungary"]
[Date "2014.01.25"]
[Round "3.14"]
[White "Filep, Gyorgy Dr"]
[Black "Novak, Levente Peter"]
[Result "0-1"]
[WhiteElo "1504"]
[BlackElo "1410"]
[PlyCount "53"]
[EventDate "2014.??.??"]

1. e4 c5 2. f4 d6 3. Bc4 Nc6 4. Nf3 Nf6 5. Nc3 g6 6. d3 Bg7 7. Be3 e6 8. Bb3
O-O 9. h3 Re8 10. e5 dxe5 11. fxe5 Nd7 12. Qd2 Ncxe5 13. Nxe5 Bxe5 14. O-O-O b6
15. d4 cxd4 16. Bxd4 Bb7 17. Bxe5 Nxe5 18. Qf4 Qb8 19. Qf6 Nc6 20. Rd7 Rf8 21.
Rf1 Ne5 22. Rxb7 Qxb7 23. Qxe5 Qxg2 24. Rf6 Qxh3 25. Bxe6 Qh6+ 26. Rf4 fxe6 27.
Kb1 0-1

[Event "90416 9th Rakosmente Open"]
[Site "Budapest, Hungary"]
[Date "2014.01.25"]
[Round "3.15"]
[White "Csermely, Zoltan"]
[Black "Karacsonyi, Gellert"]
[Result "1-0"]
[WhiteElo "1677"]
[BlackElo "1824"]
[PlyCount "114"]
[EventDate "2014.??.??"]

1. e4 e6 2. Nf3 d5 3. Nc3 c5 4. d4 Nf6 5. Be3 Qb6 6. dxc5 Bxc5 7. Bxc5 Qxc5 8.
exd5 exd5 9. Qxd5 Qe7+ 10. Qe4 Nc6 11. Qxe7+ Nxe7 12. Bb5+ Bd7 13. Bxd7+ Kxd7
14. O-O-O+ Kc7 15. Rhe1 Nc6 16. Nb5+ Kb6 17. Nd6 Rhd8 18. Nxf7 Rxd1+ 19. Kxd1
Ng4 20. Re2 Rf8 21. N7g5 Rd8+ 22. Ke1 h6 23. Ne6 Rd7 24. h3 Nf6 25. g4 g5 26.
c4 Nb4 27. c5+ Ka5 28. Nfd4 Nd3+ 29. Kf1 Nf4 30. Nxf4 Rxd4 31. Ne6 Rd1+ 32. Kg2
Nd5 33. Kf3 Rh1 34. Ke4 Nf6+ 35. Kf5 Nd5 36. Rd2 Ne7+ 37. Kf6 Nc6 38. Rd3 Re1
39. Nd4 Nxd4 40. Rxd4 Re2 41. f4 gxf4 42. Rxf4 Rxb2 43. a4 Rh2 44. c6 bxc6 45.
Rc4 Kb6 46. Rc3 Ka5 47. Kg6 Kxa4 48. Kxh6 Kb5 49. Rg3 c5 50. g5 Rd2 51. g6 c4
52. g7 Rd6+ 53. Rg6 Rd8 54. g8=Q Rxg8 55. Rxg8 c3 56. Rc8 Kb4 57. Kg5 Kb3 1-0

[Event "90416 9th Rakosmente Open"]
[Site "Budapest, Hungary"]
[Date "2014.01.25"]
[Round "3.16"]
[White "Toth, Viktor"]
[Black "Abraham, Lajos"]
[Result "0-1"]
[WhiteElo "1372"]
[BlackElo "1795"]
[PlyCount "84"]
[EventDate "2014.??.??"]

1. e4 c5 2. Nf3 d6 3. d4 cxd4 4. Nxd4 Nf6 5. Nc3 g6 6. Be3 a6 7. Qd2 Bg7 8. Bh6
O-O 9. Bxg7 Kxg7 10. Be2 b5 11. Bf3 Ra7 12. h4 h5 13. Nd5 Nxd5 14. exd5 e5 15.
Ne2 Rc7 16. O-O-O Bf5 17. c3 e4 18. Bxe4 Bxe4 19. Qd4+ Qf6 20. Qxe4 Re7 21. Qc2
Qxf2 22. Nd4 Qxc2+ 23. Kxc2 Re5 24. g3 Rg5 25. Rd3 Re8 26. Kd2 Nd7 27. Re1 Rxe1
28. Kxe1 Ne5 29. Re3 Nc4 30. Re2 Rxg3 31. Kf2 Rg4 32. Nf3 Rf4 33. Kg3 Rf5 34.
Re7 Rxd5 35. Ng5 Rf5 36. Ra7 Nxb2 37. Rxa6 Nc4 38. Ne4 Re5 39. Kf4 Re6 40. Ng5
Re7 41. Ne4 d5 42. Nd6 Re6 0-1

[Event "90416 9th Rakosmente Open"]
[Site "Budapest, Hungary"]
[Date "2014.01.25"]
[Round "3.17"]
[White "Karacsonyi, Kata"]
[Black "Czimer, Jozsef"]
[Result "0-1"]
[WhiteElo "1325"]
[BlackElo "1728"]
[PlyCount "72"]
[EventDate "2014.??.??"]

1. e4 g6 2. d4 Bg7 3. c4 c5 4. Nf3 cxd4 5. Nxd4 Qb6 6. Nb3 d6 7. Bd3 Nc6 8. O-O
Nf6 9. Be3 Qc7 10. Nc3 O-O 11. Qd2 Ne5 12. Qc2 e6 13. f4 Neg4 14. Qe2 Nxe3 15.
Qxe3 a6 16. Rad1 Nd7 17. Rc1 b6 18. f5 Re8 19. fxg6 fxg6 20. Qf3 Ne5 21. Qg3
Nxd3 22. Qxd3 Bb7 23. Rcd1 Be5 24. Rf3 Rf8 25. Rh3 Rf7 26. Rf1 Raf8 27. Rxf7
Rxf7 28. Nd2 Qc5+ 29. Kh1 Qf2 30. Nf3 Qxb2 31. Nxe5 Qc1+ 32. Nd1 dxe5 33. Qd8+
Kg7 34. Qd3 Bxe4 35. Qe2 Rd7 36. Re3 Rxd1+ 0-1

[Event "90416 9th Rakosmente Open"]
[Site "Budapest, Hungary"]
[Date "2014.01.25"]
[Round "4.1"]
[White "Safar, Istvan"]
[Black "Keszi, Janos"]
[Result "0-1"]
[WhiteElo "1713"]
[BlackElo "2091"]
[PlyCount "149"]
[EventDate "2014.??.??"]

1. d4 Nf6 2. Nf3 e6 3. g3 b6 4. Bg2 Bb7 5. O-O Be7 6. c3 O-O 7. Re1 c5 8. e3 d6
9. Nbd2 Ne4 10. Nxe4 Bxe4 11. Nh4 Bxg2 12. Nxg2 Nd7 13. e4 cxd4 14. cxd4 Rc8
15. Bd2 Qc7 16. Bc3 b5 17. Rc1 Qb7 18. b3 b4 19. Ba1 Rxc1 20. Qxc1 Rc8 21. Qd2
Nf6 22. f3 a5 23. Rc1 Kf8 24. Ne3 d5 25. e5 Ne8 26. Rxc8 Qxc8 27. Qc2 Qxc2 28.
Nxc2 f6 29. f4 Nc7 30. Kf2 Nb5 31. Ke3 Kf7 32. Bb2 Kg6 33. h3 h5 34. Kf3 fxe5
35. fxe5 Kf5 36. Ne3+ Kg5 37. Nc2 Kh6 38. Ke2 Kg6 39. Kd3 Kf7 40. Ne1 Ke8 41.
Nc2 Kd7 42. Ne1 Kc6 43. Nc2 Kb6 44. Ne1 Na7 45. Nc2 Kb5 46. Ne1 a4 47. Nf3 Nc6
48. Nd2 Na5 49. Kc2 Bg5 50. Nf1 Bh6 51. Ba1 a3 52. Kd3 Kc6 53. Ke2 Kd7 54. Kd3
Ke7 55. Nh2 Kf7 56. Nf3 Nc6 57. Ne1 Bc1 58. Nc2 Kg6 59. h4 Kf5 60. Ne1 Kg4 61.
Kc2 Bh6 62. Nd3 Be3 63. Nc5 Kf5 64. Kd3 Bf2 65. Nd7 Bxg3 66. Nf8 Bxh4 67. Ke2
Be7 68. Nd7 g5 69. Kf3 g4+ 70. Kg3 h4+ 71. Kg2 Bg5 72. Nf6 h3+ 73. Kh1 g3 74.
Nh7 Be7 75. Kg1 0-1

[Event "90416 9th Rakosmente Open"]
[Site "Budapest, Hungary"]
[Date "2014.01.25"]
[Round "4.2"]
[White "Gorog, Almos"]
[Black "Kovacs, Marton"]
[Result "0-1"]
[WhiteElo "1566"]
[BlackElo "2145"]
[PlyCount "46"]
[EventDate "2014.??.??"]

1. c4 e5 2. Nc3 Bb4 3. Nd5 Bc5 4. b4 Bd4 5. Rb1 c6 6. e3 Bb6 7. Nxb6 axb6 8.
Bb2 d6 9. d4 Qe7 10. dxe5 dxe5 11. a3 Nf6 12. Bd3 O-O 13. Ne2 Bg4 14. f3 Be6
15. g4 e4 16. Bxf6 Qxf6 17. Bxe4 Bxc4 18. Qc2 b5 19. Bxh7+ Kh8 20. Bf5 Rxa3 21.
Kf2 Ra2 22. Qe4 Qh4+ 23. Kg1 Rxe2 0-1

[Event "90416 9th Rakosmente Open"]
[Site "Budapest, Hungary"]
[Date "2014.01.25"]
[Round "4.4"]
[White "Orosz, Andras"]
[Black "Horvath, Csaba"]
[Result "1-0"]
[WhiteElo "2171"]
[BlackElo "1869"]
[PlyCount "63"]
[EventDate "2014.??.??"]

1. d4 f5 2. c4 Nf6 3. Nc3 g6 4. Bf4 Bg7 5. Nf3 O-O 6. e3 d6 7. Qb3 Kh8 8. h3
Qe8 9. Bh2 c6 10. Be2 Nh5 11. Nd2 Nf6 12. O-O e5 13. Rfe1 b6 14. a4 Nbd7 15. a5
bxa5 16. dxe5 dxe5 17. Rxa5 a6 18. Qc2 Bb7 19. c5 Nh5 20. Nc4 Qe7 21. b4 f4 22.
Bxh5 gxh5 23. exf4 Qe6 24. Nd6 Bc8 25. f5 Qh6 26. Qa2 Rb8 27. Nf7+ Rxf7 28.
Qxf7 Qd2 29. Qe8+ Nf8 30. Raa1 Qxc3 31. Bxe5 Be6 32. Qxb8 1-0

[Event "90416 9th Rakosmente Open"]
[Site "Budapest, Hungary"]
[Date "2014.01.25"]
[Round "4.5"]
[White "Yip, Michael"]
[Black "Sulcz, Istvan"]
[Result "1-0"]
[WhiteElo "2000"]
[BlackElo "1906"]
[PlyCount "75"]
[EventDate "2014.??.??"]

1. Nf3 c5 2. c4 Nf6 3. Nc3 g6 4. d4 cxd4 5. Nxd4 Bg7 6. e4 d6 7. Be2 Nc6 8. Nc2
b6 9. O-O O-O 10. Bd2 Bb7 11. f3 Rc8 12. Rc1 Nd7 13. Kh1 a6 14. b3 e6 15. Be1
Qc7 16. Qd2 Rfd8 17. Bg3 Nf8 18. Rfd1 Qe7 19. Ne3 Nd4 20. Bd3 Bc6 21. Ne2 Nxe2
22. Bxe2 Qb7 23. Bh4 Rd7 24. Ng4 f5 25. exf5 gxf5 26. Nf6+ Bxf6 27. Bxf6 Ng6
28. Qg5 b5 29. h4 Kf7 30. Bb2 Ne5 31. Qh5+ Kg8 32. c5 Nf7 33. cxd6 Bd5 34. Bd3
Rc6 35. Bxf5 exf5 36. Qxf5 Rcxd6 37. Re1 Qb8 38. Qg4+ 1-0

[Event "90416 9th Rakosmente Open"]
[Site "Budapest, Hungary"]
[Date "2014.01.25"]
[Round "4.6"]
[White "Kaloczi, Kristof"]
[Black "Polyik, Peter"]
[Result "1-0"]
[WhiteElo "1624"]
[BlackElo "1937"]
[PlyCount "115"]
[EventDate "2014.??.??"]

1. e4 c5 2. Nf3 d6 3. d4 cxd4 4. Nxd4 Nf6 5. Nc3 g6 6. Be3 Bg7 7. Be2 O-O 8.
O-O Nc6 9. Qd2 d5 10. Nxc6 bxc6 11. Rad1 Be6 12. exd5 Nxd5 13. Nxd5 Bxd5 14. b3
a5 15. c4 Be6 16. Bf3 Qc7 17. Bh6 Rfd8 18. Qe3 Bh8 19. h4 a4 20. h5 axb3 21.
axb3 Rdc8 22. hxg6 hxg6 23. Be4 Qe5 24. Bg5 f5 25. Bf3 Qxe3 26. Bxe3 Ra3 27.
Rb1 c5 28. Bd5 Bxd5 29. cxd5 Ra5 30. Rfe1 Kf7 31. Rbc1 Bb2 32. Rc2 Ba3 33. Bg5
Rc7 34. Rce2 Raa7 35. Ra2 Bb4 36. Rxa7 Rxa7 37. Re2 Bc3 38. g3 Rd7 39. Kg2 Ba5
40. Kh2 Bc7 41. Kg2 Bd6 42. Rc2 Rb7 43. Be3 Rb5 44. f4 Ke8 45. Kh2 Kd7 46. Rc4
Kc7 47. Kh3 Kb6 48. b4 Kb7 49. bxc5 Bb8 50. Kh4 Rb3 51. c6+ Kc8 52. Bc5 Bd6 53.
Bxd6 exd6 54. Rd4 Rc3 55. g4 Re3 56. gxf5 gxf5 57. Kg5 Re4 58. Rd1 1-0

[Event "90416 9th Rakosmente Open"]
[Site "Budapest, Hungary"]
[Date "2014.01.25"]
[Round "4.7"]
[White "Kis, Bela"]
[Black "Olle, Rebeka Sara"]
[Result "1-0"]
[WhiteElo "2129"]
[BlackElo "1545"]
[PlyCount "81"]
[EventDate "2014.??.??"]

1. e4 c5 2. d4 cxd4 3. c3 dxc3 4. Nxc3 e6 5. Nf3 Nc6 6. Bc4 d6 7. O-O Nf6 8.
Qe2 Be7 9. Rd1 Qc7 10. Bf4 e5 11. Bg5 a6 12. Bxf6 Bxf6 13. Nd5 Qd8 14. Rac1 O-O
15. h3 Bg5 16. Rc3 Bd7 17. Nxg5 Qxg5 18. Nb6 Nd4 19. Qe3 Qe7 20. Nxa8 Rxa8 21.
Rdc1 h6 22. Bd5 Rb8 23. Rc7 b6 24. Ra7 Qe8 25. Rcc7 Rd8 26. a4 a5 27. Qa3 Ne6
28. Qxd6 Bxa4 29. Qxe5 Nxc7 30. Qxc7 Bd7 31. Qxb6 a4 32. Qg6 Qf8 33. Ra6 Be8
34. Qb6 Bd7 35. Qc7 Qe8 36. Rd6 Rc8 37. Qxd7 Rc1+ 38. Kh2 Qe5+ 39. g3 Kh7 40.
Rb6 Rc7 41. Qd8 1-0

[Event "90416 9th Rakosmente Open"]
[Site "Budapest, Hungary"]
[Date "2014.01.25"]
[Round "4.8"]
[White "Xiao Hu, Chen"]
[Black "Juhasz, Bela"]
[Result "0-1"]
[WhiteElo "1456"]
[BlackElo "2115"]
[PlyCount "56"]
[EventDate "2014.??.??"]

1. e4 c5 2. Nf3 e6 3. d4 cxd4 4. Nxd4 a6 5. Bd3 Nf6 6. c4 d6 7. Nc3 g6 8. Be3
Bg7 9. h3 Nbd7 10. Qd2 Ne5 11. Be2 Qc7 12. Rc1 O-O 13. b3 b6 14. f4 Ned7 15.
Bf3 Bb7 16. O-O Rfe8 17. Rcd1 Nc5 18. Nde2 Red8 19. Qc2 Rac8 20. Rd2 b5 21.
cxb5 Ncxe4 22. bxa6 Nxc3 23. axb7 Nxe2+ 24. Rxe2 Qxc2 25. Rxc2 Rxc2 26. Ba7 Nd7
27. Rd1 d5 28. Ra1 Bxa1 0-1

[Event "90416 9th Rakosmente Open"]
[Site "Budapest, Hungary"]
[Date "2014.01.25"]
[Round "4.9"]
[White "Toth-Katona, Tamas"]
[Black "Csiki, Endre"]
[Result "1-0"]
[WhiteElo "1897"]
[BlackElo "1418"]
[PlyCount "99"]
[EventDate "2014.??.??"]

1. e4 c5 2. Nc3 Nc6 3. g3 g6 4. Bg2 Bg7 5. d3 d6 6. Be3 e6 7. Qd2 Rb8 8. Nge2
Nge7 9. O-O O-O 10. f4 b5 11. h3 a6 12. Nd1 Bb7 13. c3 Qd7 14. Nf2 a5 15. d4
cxd4 16. cxd4 d5 17. e5 Nf5 18. Rfc1 Nxe3 19. Qxe3 Ne7 20. g4 Rfc8 21. Nd3 Qd8
22. Nc5 Rc7 23. Bf1 Rbc8 24. Rc2 Qe8 25. Rac1 Qc6 26. Nc3 b4 27. Nb5 Ba8 28.
Nxc7 Qxc7 29. Qd3 Qd8 30. Qe3 Bc6 31. a3 bxa3 32. Qxa3 Rb8 33. Na6 Ra8 34. Qd6
Bb7 35. Qxd8+ Rxd8 36. Rc7 Bxa6 37. Bxa6 Bf8 38. Kf2 Rb8 39. Bb7 h5 40. Ra1 Kg7
41. Rxa5 hxg4 42. hxg4 f6 43. b4 fxe5 44. fxe5 Kh6 45. b5 Ng8 46. Ra8 Rxa8 47.
Bxa8 Be7 48. Rc8 Kg7 49. b6 Kf7 50. b7 1-0

[Event "90416 9th Rakosmente Open"]
[Site "Budapest, Hungary"]
[Date "2014.01.25"]
[Round "4.10"]
[White "Ladanyi, Gyula"]
[Black "Czumbel, Peter"]
[Result "0-1"]
[WhiteElo "1852"]
[BlackElo "1612"]
[PlyCount "100"]
[EventDate "2014.??.??"]

1. d4 Nf6 2. c4 g6 3. Nf3 Bg7 4. Nc3 d6 5. e4 O-O 6. Be2 c5 7. d5 Na6 8. O-O
Nc7 9. Bd2 a6 10. a4 b6 11. Rb1 Bd7 12. b3 Rb8 13. Qc1 b5 14. cxb5 axb5 15.
axb5 Nxb5 16. Nxb5 Bxb5 17. Bxb5 Rxb5 18. Qc4 Qb6 19. e5 dxe5 20. Nxe5 Rb8 21.
b4 cxb4 22. Nc6 Rb7 23. Bxb4 Nxd5 24. Ba5 Qa6 25. Rxb5 Rxb5 26. Bd8 e6 27. Nd4
Ra5 28. Qxa6 Rxa6 29. Nf3 f6 30. Nd4 Kf7 31. Re1 e5 32. Nb3 Ra3 33. Rb1 Nc3 34.
Rb2 f5 35. Ba5 e4 36. Bxc3 Bxc3 37. Rb1 Ra7 38. Kf1 Rb7 39. Nd2 Rxb1+ 40. Nxb1
Bb4 41. Ke2 Ke6 42. Nd2 Bxd2 43. Kxd2 f4 44. g3 g5 45. Ke2 fxg3 46. fxg3 g4 47.
Ke3 Ke5 48. Ke2 Kd4 49. Kd2 e3+ 50. Ke2 Ke4 0-1

[Event "90416 9th Rakosmente Open"]
[Site "Budapest, Hungary"]
[Date "2014.01.25"]
[Round "4.11"]
[White "Novak, Levente Peter"]
[Black "Toth, Nikoletta"]
[Result "1-0"]
[WhiteElo "1410"]
[BlackElo "1089"]
[PlyCount "73"]
[EventDate "2014.??.??"]

1. e4 e5 2. Nf3 Nc6 3. Bb5 a6 4. Ba4 Nf6 5. O-O Nxe4 6. d4 b5 7. Bb3 Nxd4 8.
Nxd4 exd4 9. Qf3 d5 10. Re1 c6 11. Rxe4+ Be6 12. Re1 Bd6 13. Bf4 O-O 14. c3 Re8
15. h3 Qd7 16. cxd4 Bxf4 17. Qxf4 Bf5 18. Nc3 b4 19. Ne2 Bd3 20. Qf3 Be4 21.
Qf4 Bd3 22. Qd2 Qf5 23. Ng3 Qg6 24. Qxb4 Rab8 25. Qd2 Be4 26. Qe2 a5 27. Kh2 f6
28. Nxe4 Rxe4 29. Qxe4 Rxb3 30. Qxg6 hxg6 31. axb3 Kf7 32. Rxa5 f5 33. Ra6 Kf6
34. Rxc6+ Kg5 35. Ree6 Kf4 36. g3+ Kf3 37. Re3+ 1-0

[Event "90416 9th Rakosmente Open"]
[Site "Budapest, Hungary"]
[Date "2014.01.25"]
[Round "4.12"]
[White "Czimer, Jozsef"]
[Black "Szoukup, Istvan"]
[Result "1-0"]
[WhiteElo "1728"]
[BlackElo "1835"]
[PlyCount "115"]
[EventDate "2014.??.??"]

1. e4 e5 2. Nf3 Nc6 3. Bb5 Nf6 4. Nc3 Bb4 5. d3 d6 6. h3 O-O 7. O-O h6 8. Be3
a6 9. Bc4 b5 10. Bb3 Na5 11. Nd5 Nxb3 12. axb3 Nxd5 13. exd5 Bc5 14. Bxc5 dxc5
15. c4 f6 16. Nd2 Bb7 17. Ne4 Qe7 18. f3 f5 19. Nc3 b4 20. Na4 Rad8 21. Qe2 c6
22. Qf2 cxd5 23. Qxc5 Qxc5+ 24. Nxc5 Bc8 25. Rfe1 dxc4 26. bxc4 Rfe8 27. Kf2
Rd6 28. f4 e4 29. Re3 Kf7 30. dxe4 fxe4 31. Nxe4 Rde6 32. Rae1 Kf8 33. Nd6 Rxe3
34. Rxe3 Rxe3 35. Kxe3 Bd7 36. h4 Ke7 37. c5 a5 38. Kd3 b3 39. Kc3 a4 40. Nc4
Ke6 41. Ne3 h5 42. g3 Ke7 43. Kb4 Kd8 44. Nd5 Bf5 45. Kxa4 Bd7+ 46. Kxb3 Be6
47. Kc4 Kd7 48. Kd4 Kc6 49. Nc3 Bb3 50. Ne4 Ba4 51. b4 Bb5 52. Nd6 Be2 53. b5+
Kc7 54. Ne8+ Kd7 55. Nxg7 Bxb5 56. Ke5 Ke7 57. Nxh5 Kf7 58. Nf6 1-0

[Event "90416 9th Rakosmente Open"]
[Site "Budapest, Hungary"]
[Date "2014.01.25"]
[Round "4.14"]
[White "Makrai, Bence"]
[Black "Csermely, Zoltan"]
[Result "0-1"]
[WhiteElo "1486"]
[BlackElo "1677"]
[PlyCount "28"]
[EventDate "2014.??.??"]

1. e4 c5 2. Nf3 Nc6 3. d4 cxd4 4. Nxd4 Nf6 5. Nc3 a6 6. Be2 Qc7 7. O-O e6 8. f4
Nxd4 9. e5 Nxe2+ 10. Qxe2 Bc5+ 11. Kh1 Ng8 12. Ne4 b5 13. Be3 Be7 14. c4 Bb7
0-1

[Event "90416 9th Rakosmente Open"]
[Site "Budapest, Hungary"]
[Date "2014.01.26"]
[Round "5.1"]
[White "Keszi, Janos"]
[Black "Suranyi, Pal"]
[Result "1/2-1/2"]
[WhiteElo "2091"]
[BlackElo "2115"]
[PlyCount "108"]
[EventDate "2014.??.??"]

1. d4 Nf6 2. Nf3 g6 3. Bg5 Bg7 4. Nbd2 O-O 5. e3 b6 6. Bd3 Bb7 7. O-O h6 8. Bh4
c5 9. h3 d6 10. c3 Nbd7 11. Qb3 Kh7 12. Rfd1 Qc7 13. Bg3 Rac8 14. a4 Bxf3 15.
gxf3 Nh5 16. Bh2 e5 17. Ba6 Rce8 18. dxe5 dxe5 19. a5 bxa5 20. Qa4 Nb6 21. Qxa5
Re7 22. Bf1 c4 23. Qb5 Rc8 24. Ne4 Re6 25. Ra5 f5 26. Nc5 Re7 27. Rda1 Qc6 28.
Qxc6 Rxc6 29. Rd1 Bf6 30. Na6 Ng7 31. Nb4 Rcc7 32. Rd6 Ne8 33. Rxf6 Nxf6 34.
Bxe5 Rxe5 35. Rxe5 Na4 36. Re6 Ng8 37. Nd5 Rc5 38. Ra6 Nxb2 39. Rxa7+ Kh8 40.
Nf4 Rc6 41. h4 g5 42. hxg5 hxg5 43. Nd5 Re6 44. Rd7 Na4 45. Bh3 Rc6 46. Bxf5
Nf6 47. Nxf6 Rxf6 48. Be4 Nxc3 49. Rc7 g4 50. Rxc4 Ne2+ 51. Kg2 gxf3+ 52. Bxf3
Rg6+ 53. Rg4 Rxg4+ 54. Bxg4 Nc3 1/2-1/2

[Event "90416 9th Rakosmente Open"]
[Site "Budapest, Hungary"]
[Date "2014.01.26"]
[Round "5.2"]
[White "Kovacs, Marton"]
[Black "Kis, Bela"]
[Result "1-0"]
[WhiteElo "2145"]
[BlackElo "2129"]
[PlyCount "71"]
[EventDate "2014.??.??"]

1. d4 Nf6 2. Nf3 g6 3. Bf4 Bg7 4. e3 O-O 5. h3 c5 6. c3 b6 7. Bd3 Bb7 8. O-O d6
9. Qe2 Nbd7 10. a4 a6 11. e4 Qc7 12. Nbd2 e5 13. dxe5 dxe5 14. Be3 Rad8 15.
Bxa6 Nxe4 16. Nxe4 Bxe4 17. Bg5 Ra8 18. Bb5 Bf5 19. Rfd1 Be6 20. Be7 Rfe8 21.
Bh4 f6 22. Rd2 Red8 23. Rad1 Nf8 24. Rxd8 Rxd8 25. Rxd8 Qxd8 26. Nxe5 Qd6 27.
Nc4 Qd8 28. Bg3 Bf5 29. Nd6 Be6 30. Bc4 Qd7 31. Bb5 Qd8 32. Qe4 h5 33. h4 Kh7
34. Qc6 Bg8 35. Qe8 Qxe8 36. Bxe8 1-0